000 00413nam a2200121 a 4500
001 4144
005 20140414131949.0
008 090317s19uu xx 00 eng d
050 _aTR 372.4
_bL96l 2004
100 _aLunsford, Susan
245 _aTeaching with favorite read-alouds in PreK :
_b50 must have books with lessons and activities that build skills in vocabulary, comprehension, and more.
999 _c112749
_d112749